000 00654nam a2200181Ia 4500
008 090123s9999 xx 000 0 und d
082 _b22319
100 _aवोरा देवेंद्र
245 _aआपले आरोग्य आपल्या हाती
250 _a3
260 _bगाला पब्लिकेशन
_c1986
300 _a128
600 _aवोरा देवेंद्र
630 _aआपले आरोग्य आपल्या हाती
700 _aवोरा देवेंद्र
730 _aआपले आरोग्य आपल्या हाती
942 _cBOOK
999 _c60391
_d60391